Entry Nombre personal
001 - NÚMERO DE CONTROL
- campo de control: 226299
003 - IDENTIFICADOR DE NÚMERO DE CONTROL
- campo de control: SpMaBN
005 - FECHA Y HORA DE LA ÚLTIMA TRANSACCIÓN
- campo de control: 20240308162036.0
008 - ELEMENTOS DE DATO DE LONGITUD-FIJA
- campo de control de longitud fija: 900725nn ainnnaabn a aaa ||
016 ## - NÚMERO DE CONTROL DE UNA AGENCIA BIBLIOGRÁFICA NACIONAL
- Número de control del registro: BNE19981300251
024 7# - IDENTIFICADOR DE OTROS ESTÁNDARES
- Número estándar o código: http://viaf.org/viaf/24639475/
- Fuente: viaf
024 7# - IDENTIFICADOR DE OTROS ESTÁNDARES
- Número estándar o código: https://isni.org/isni/000000012022507X
- Fuente: isni
024 7# - IDENTIFICADOR DE OTROS ESTÁNDARES
- Número estándar o código: http://www.wikidata.org/entity/Q76539
- Fuente: wikidata
040 ## - FUENTE DE CATALOGACIÓN
- Centro catalogador/agencia de origen: SpMaBN
- Lengua de catalogación: spa
- Centro/agencia transcriptor: SpMaBN
- Normas de descripción: rdc
- Convención/Normas de encabezamiento de materia/tesauro: embne
046 ## - FECHAS CON CODIFICACIÓN ESPECIAL
- Fecha de nacimiento: 1893
- Fecha de la muerte: 1947
100 1# - ENCABEZAMIENTO-NOMBRE DE PERSONA
- Nombre de persona: Fallada, Hans,
- Fechas asociadas al nombre: 1893-1947
370 ## - LUGAR ASOCIADO
- Lugar de nacimiento: Greifswald
- Fuente de información: Wikidata
372 ## - CAMPO DE ACTIVIDAD
- Campo de actividad: Novela
- Fuente de información: Wikidata
373 ## - GRUPO ASOCIADO
- Grupo asociado: Nueva objetividad
- Fuente de información: Wikidata
374 ## - OCUPACIÓN
- Ocupación: Periodistas
- Ocupación: Escritores
- Ocupación: Novelistas
- Ocupación: Escritores
- Fuente de información: Wikidata
375 ## - GÉNERO/SEXO
- Género: Masculino
- Fuente de información: Wikidata
377 ## - IDIOMA ASOCIADO
- Término de lengua/lenguaje: Alemán
400 1# - TRAZADO DE VÉASE--NOMBRE DE PERSONA
- Nombre de persona: Ditzen, Rudolf,
- Fechas asociadas al nombre: 1893-1947
670 ## - FUENTE DE DATOS ENCONTRADOS
- Cita de la fuente: Llops entre llops, 2012
- Información encontrada: port. (Hans Fallada) cub. (n. 1893, Greifswald-m. 1947, Berlín; nombre real: Rudolf Ditzen)
670 ## - FUENTE DE DATOS ENCONTRADOS
- Cita de la fuente: WWW DNB GND, 15-1-2012
- Información encontrada: (Fallada, Hans; 1893-1947)
